Bibliotecas monográficas daly de la construcción (Registro nro. 18531)

Detalles MARC
000 -CABECERA
Longitud fija campo de control 00732nam a2200205 a 4500
003 - • IDENTIFICADOR DELl NÚMERO DE CONTROL
Identificador del número de control CO-ViMGA
005 - • FECHA Y HORA DE LA ÚLTIMA TRANSACCIÓN
Fecha y hora de la última transacción 20250801162556.0
008 - • CÓDIGOS DE INFORMACIÓN DE LONGITUD FIJA
Códigos de información de longitud fija 141112s2004 ck r 000 u spa d
040 ## - FUENTE DE LA CATALOGACIÓN
Centro catalogador de origen CO-ViMGA
Lengua de catalogación spa
Centro transcriptor CO-ViMGA
082 04 - • NÚMERO DE LA CLASIFICACIÓN DECIMAL DEWEY
Número de clasificación (R) 739 B415
245 10 - • TITULO PROPIAMENTE DICHO
Título Bibliotecas monográficas daly de la construcción
300 ## - • DESCRIPCIÓN FÍSICA
Extensión 6 v : il
490 ## - • MENCIÓN DE SERIE
Mención de serie Cerrajería actual
500 ## - • NOTA GENERAL
Nota general En colección v.1 - 3 y 5 - 6 Contenido : v.1, El hierro y sus aplicaciones, chimeneas; v.2, Puertas de hierro; v.3, Rejas y balcones; v.5, Estructuras metálicas; v.6, Lámparas y elemetnos decorativos de hierro.
650 14 - • PUNTO DE ACCESO ADICIONAL DE MATERIA - TÉRMINO DE MATERIA
Término de materia o nombre geográfico como elemento inicial METALISTERIA
942 ## - ENTRADA DE ELEMENTOS AGREGADOS (KOHA)
Fuente de clasificaión o esquema Dewey Decimal Classification
Koha [por defecto] tipo de item LIbro
Existencias
Perdido Fuente de clasificación o esquema Estado Físico No para préstamo Forma de adquisición Localización permanente Localización actual Fecha adquisición Serie de enumeración / cronolog&íacute;a Préstamos totales Signatura completa Código de barras Fecha última consulta Número de copia Fecha del precio de reemplazo Tipo de item de Koha Renovaciones totales Fecha último préstamo
  Dewey Decimal Classification     Sala Especializada Tercer Piso Biblioteca Pública Germán Arciniegas - Villavicencio Biblioteca Pública Germán Arciniegas - Villavicencio 12/04/2015 Volumen. 1 | 11/jun/2009   739 B415 03589 12/04/2015 Ej. 1 12/04/2015 LIbro    
  Dewey Decimal Classification     Sala Especializada Tercer Piso Biblioteca Pública Germán Arciniegas - Villavicencio Biblioteca Pública Germán Arciniegas - Villavicencio 12/04/2015 Volumen. 2 | 12/sep/2013   739 B415 03590 12/04/2015 Ej. 1 12/04/2015 LIbro    
  Dewey Decimal Classification     Sala Especializada Tercer Piso Biblioteca Pública Germán Arciniegas - Villavicencio Biblioteca Pública Germán Arciniegas - Villavicencio 12/04/2015 Volumen. 3 | 12/sep/2013 1 739 B415 03591 05/26/2022 Ej. 1 12/04/2015 LIbro 2 05/26/2022
  Dewey Decimal Classification     Sala Especializada Tercer Piso Biblioteca Pública Germán Arciniegas - Villavicencio Biblioteca Pública Germán Arciniegas - Villavicencio 12/04/2015 Volumen. 5 | 12/sep/2013   739 B415 03592 12/04/2015 Ej. 1 12/04/2015 LIbro    
  Dewey Decimal Classification     Sala Especializada Tercer Piso Biblioteca Pública Germán Arciniegas - Villavicencio Biblioteca Pública Germán Arciniegas - Villavicencio 12/04/2015 Volumen. 6 | 12/sep/2013   739 B415 03593 12/04/2015 Ej. 1 12/04/2015 LIbro    









Instituto Departamental de Cultura del Meta - Red Departamental de Bibliotecas Públicas del Meta.